[Event "Sao Paulo Hebraica op 27th"]
[Site "Sao Paulo"]
[Date "2020.01.10"]
[Round "2"]
[White "Penha, Evelyn Maximiano"]
[Black "Ribeiro, Cesar Augusto Basag"]
[Result "1-0"]
[WhiteElo "1668"]
[BlackElo "1133"]
[PlyCount "87"]
[EventDate "2020.01.10"]
[EventType "swiss"]
[EventRounds "6"]
[EventCountry "BRA"]
[SourceTitle "CBM 194 Extra"]
[Source "ChessBase"]
[SourceDate "2020.03.31"]
[SourceVersion "1"]
[SourceVersionDate "2020.03.31"]
[SourceQuality "1"]

1. e4 e6 2. d4 d6 3. Nc3 Nc6 4. Nf3 Nf6 5. h3 g6 6. Be3 Bg7 7. Qd2 b6 8. 0-0-0 Bb7 9. Bh6 Nh5 10. Bxg7 Nxg7 11. Qh6 Nb4 12. Qxg7 Rf8 13. Qxh7 c6 14. a3 Na6 15. Qh4 g5 16. Qxg5 f6 17. Qg6+ Rf7 18. Qg8+ Rf8 19. Qxe6+ Qe7 20. Qxe7+ Kxe7 21. Nh4 Rh8 22. Nf5+ Kd7 23. Bxa6 Bxa6 24. h4 Rhg8 25. Rdg1 Rg4 26. f3 Rf4 27. Rh3 Bc8 28. Rg3 Ke8 29. Rg8+ Kd7 30. Rg7+ Ke8 31. Nxd6+ Kf8 32. Rh7 Kg8 33. Re7 Ba6 34. Nf5 c5 35. d5 Bc4 36. d6 Rd8 37. d7 Kf8 38. Re8+ Rxe8 39. dxe8Q+ Kxe8 40. Nd6+ Ke7 41. Nxc4 Ke6 42. Rh1 Kf7 43. Kd2 Kg7 44. Ke3 1-0

[Event "Hebraica op 26th"]
[Site "Hebraica"]
[Date "2019.01.13"]
[Round "6"]
[White "Usui, Gabriella Yumi"]
[Black "Ribeiro, Cesar Augusto Basag"]
[Result "1-0"]
[WhiteElo "1191"]
[BlackElo "1217"]
[PlyCount "63"]
[EventDate "2019.01.11"]
[EventType "swiss"]
[EventRounds "6"]
[EventCountry "BRA"]
[SourceTitle "EXT 2020"]
[Source "ChessBase"]
[SourceDate "2019.10.17"]
[SourceVersion "1"]
[SourceVersionDate "2019.10.17"]
[SourceQuality "1"]

1. d4 d5 2. Nf3 e6 3. e3 Nf6 4. Be2 Ne4 5. 0-0 g5 6. b3 g4 7. Ne5 Bd6 8. f4 Rg8 9. Nxg4 Qh4 10. Qe1 Qe7 11. Bb2 Nc6 12. Nd2 Nb4 13. Qd1 Qh4 14. a3 Nc6 15. Nxe4 dxe4 16. Qe1 Qe7 17. c4 f5 18. Nf2 Qg7 19. g3 h5 20. Rb1 h4 21. d5 hxg3 22. Bxg7 Rxg7 23. dxc6 bxc6 24. hxg3 Rxg3+ 25. Kh2 Rg8 26. Rg1 Rh8+ 27. Kg2 Ke7 28. Kf1 Bxa3 29. Qc3 Rh2 30. Rg7+ Kf8 31. Qf6+ Ke8 32. Qf7+ 1-0

[Event "Aldeia de Barueri op"]
[Site "Aldeia de Barueri"]
[Date "2017.08.05"]
[Round "4"]
[White "Ribeiro, Cesar Augusto Basag"]
[Black "Rocha, Anderson Rosendo"]
[Result "0-1"]
[WhiteElo "1422"]
[BlackElo "1482"]
[PlyCount "35"]
[EventDate "2017.08.04"]
[EventType "swiss"]
[EventRounds "6"]
[EventCountry "BRA"]
[SourceTitle "CBM 180 Extra"]
[Source "ChessBase"]
[SourceDate "2017.10.06"]
[SourceVersion "1"]
[SourceVersionDate "2017.10.06"]
[SourceQuality "1"]

1. d4 Nf6 2. Bf4 g6 3. h3 Bg7 4. e3 0-0 5. Be2 d6 6. Nf3 Nbd7 7. c3 Re8 8. Qb3 e5 9. Bh2 e4 10. Ng5 d5 11. h4 Nb6 12. Bg3 Ng4 13. Bb5 c6 14. Be2 Bd7 15. Nd2 Nf6 16. 0-0-0 c5 17. dxc5 Ba4 18. Rde1 0-1

[Event "Sao Paulo Segal Memorial 1st"]
[Site "Sao Paulo"]
[Date "2016.05.20"]
[Round "2"]
[White "Dos Reis, Leandro Aparecido C"]
[Black "Ribeiro, Cesar Augusto Basag"]
[Result "1-0"]
[WhiteElo "1953"]
[BlackElo "1400"]
[PlyCount "47"]
[EventDate "2016.05.20"]
[EventType "swiss"]
[EventRounds "6"]
[EventCountry "BRA"]
[SourceTitle "CBM 172 Extra"]
[Source "ChessBase"]
[SourceDate "2016.06.21"]
[SourceVersion "1"]
[SourceVersionDate "2016.06.21"]
[SourceQuality "1"]

1. a3 d6 2. g3 g6 3. Bg2 Bg7 4. c4 c6 5. d4 Na6 6. Nf3 Nc7 7. e4 Nf6 8. Nc3 0-0 9. 0-0 Bg4 10. h3 Be6 11. d5 Bd7 12. Re1 c5 13. Bf4 Nce8 14. Rb1 Nh5 15. Bg5 f6 16. Be3 Nc7 17. g4 Qc8 18. gxh5 gxh5 19. Kh2 Kf7 20. Nh4 Rg8 21. Qxh5+ Kf8 22. Qxh7 Rh8 23. Ng6+ Ke8 24. Qxg7 1-0

[Event "Sao Paulo Camara Memorial 1st"]
[Site "Sao Paulo"]
[Date "2016.03.12"]
[Round "3"]
[White "Ribeiro, Cesar Augusto Basag"]
[Black "Pereira, Daniele Costa"]
[Result "0-1"]
[WhiteElo "1422"]
[BlackElo "1620"]
[PlyCount "62"]
[EventDate "2016.03.11"]
[EventType "swiss"]
[EventRounds "6"]
[EventCountry "BRA"]
[SourceTitle "CBM 171 Extra"]
[Source "ChessBase"]
[SourceDate "2016.04.26"]
[SourceVersion "1"]
[SourceVersionDate "2016.04.26"]
[SourceQuality "1"]

1. d4 Nf6 2. h3 g6 3. Bf4 Bg7 4. e3 0-0 5. c3 d6 6. Bd3 Nbd7 7. Nf3 Re8 8. 0-0 e5 9. Bh2 e4 10. Bb5 exf3 11. Qxf3 Qe7 12. Nd2 Ne4 13. Nb3 a6 14. Bd3 Ndf6 15. d5 Nxd5 16. Bxe4 Qxe4 17. Rfd1 Qxf3 18. gxf3 Nb6 19. Kf1 Bxh3+ 20. Ke2 Nc4 21. Na5 Nxa5 22. Bf4 h5 23. Rd5 Nc4 24. b3 Ne5 25. Rd4 Bg2 26. Rb4 Bxf3+ 27. Kd2 h4 28. Rxb7 Bxb7 29. Rh1 Bxh1 30. Bg5 Nf3+ 31. Ke2 Nxg5 0-1

[Event "Sao Paulo Freitas Memorial"]
[Site "Sao Paulo"]
[Date "2015.10.11"]
[Round "3"]
[White "Ribeiro, Cesar Augusto Basag"]
[Black "Ishikawa, Emilio Keiji"]
[Result "0-1"]
[WhiteElo "1431"]
[BlackElo "1575"]
[PlyCount "40"]
[EventDate "2015.10.10"]
[EventType "swiss"]
[EventRounds "6"]
[EventCountry "BRA"]
[SourceTitle "CBM 168 Extra"]
[Source "ChessBase"]
[SourceDate "2015.10.29"]
[SourceVersion "1"]
[SourceVersionDate "2015.10.29"]
[SourceQuality "1"]

1. d4 g6 2. Bf4 Bg7 3. e3 Nf6 4. c3 h6 5. Nf3 d6 6. Bd3 Nh5 7. 0-0 Nxf4 8. exf4 0-0 9. f5 Bxf5 10. Be2 e5 11. Qb3 b6 12. Qd5 c6 13. Qb3 e4 14. Nfd2 Be6 15. Qc2 d5 16. h4 Qxh4 17. g3 Qg5 18. f4 Qxg3+ 19. Kh1 Bf5 20. Rg1 Qh3# 0-1

[Event "Sao Paulo Cordioli Memorial"]
[Site "Sao Paulo"]
[Date "2015.09.05"]
[Round "2"]
[White "Ribeiro, Cesar Augusto Basag"]
[Black "Bruce, Shannon Hill"]
[Result "0-1"]
[WhiteElo "1446"]
[BlackElo "2156"]
[PlyCount "64"]
[EventDate "2015.09.05"]
[EventType "swiss"]
[EventRounds "6"]
[EventCountry "BRA"]
[SourceTitle "EXT 2016"]
[Source "ChessBase"]
[SourceDate "2015.10.08"]
[SourceVersion "1"]
[SourceVersionDate "2015.10.08"]
[SourceQuality "1"]

1. d4 Nf6 2. e3 c5 3. c3 g6 4. Nf3 Bg7 5. Bd3 0-0 6. 0-0 d5 7. Ne5 Qc7 8. Na3 a6 9. f3 Nc6 10. e4 Nxe5 11. dxe5 Qxe5 12. f4 Qc7 13. e5 Nd7 14. Rf3 b5 15. Rh3 c4 16. Bc2 Nc5 17. Qe1 Bxh3 18. Qh4 Bf5 19. Be3 Bxc2 20. Rf1 Be4 21. f5 Bxf5 22. Rf3 Bxe5 23. g4 Bxh2+ 24. Kf1 Bd3+ 25. Kf2 Ne4+ 26. Kg2 Bg3 27. Bd4 Bxh4 28. Rh3 Qf4 29. Rxh4 Qg3+ 30. Kh1 Qxh4+ 31. Kg1 Qg3+ 32. Kh1 Bf1 0-1

[Event "Sao Paulo op-B 2nd"]
[Site "Sao Paulo"]
[Date "2015.02.08"]
[Round "5"]
[White "Brujin, Homero"]
[Black "Ribeiro, Cesar Augusto Basag"]
[Result "1-0"]
[WhiteElo "1500"]
[BlackElo "1557"]
[PlyCount "39"]
[EventDate "2015.02.05"]
[EventType "swiss"]
[EventRounds "6"]
[EventCountry "BRA"]
[SourceTitle "CBM 164 Extra"]
[Source "ChessBase"]
[SourceDate "2015.03.02"]
[SourceVersion "1"]
[SourceVersionDate "2015.03.02"]
[SourceQuality "1"]

1. d4 d5 2. Nf3 e6 3. Bf4 Nf6 4. e3 Nc6 5. Bb5 Bd7 6. c3 Ne4 7. Nbd2 Be7 8. Nxe4 dxe4 9. Nd2 f5 10. Nc4 0-0 11. d5 exd5 12. Qxd5+ Rf7 13. Rd1 Nb8 14. Bxd7 Nxd7 15. Qxd7 Qc8 16. Qxc7 Qe6 17. Ne5 Rff8 18. Qd7 Rfd8 19. Qxe6+ Kf8 20. Qf7# 1-0

[Event "Mogi das Cruzes Catropa Memorial"]
[Site "Mogi das Cruzes"]
[Date "2014.09.07"]
[Round "6"]
[White "Ribeiro, Cesar Augusto Basag"]
[Black "Sato, Leticia Miho"]
[Result "0-1"]
[WhiteElo "1582"]
[BlackElo "1830"]
[PlyCount "58"]
[EventDate "2014.09.05"]
[EventType "swiss"]
[EventRounds "6"]
[EventCountry "BRA"]
[SourceTitle "CBM 162 Extra"]
[Source "ChessBase"]
[SourceDate "2014.10.17"]
[SourceVersion "1"]
[SourceVersionDate "2014.10.17"]
[SourceQuality "1"]

1. d4 d5 2. e3 Nf6 3. Nf3 Bf5 4. Be2 e6 5. 0-0 Bd6 6. Nc3 0-0 7. Nb5 c6 8. Nxd6 Qxd6 9. Ne5 Nbd7 10. Bd2 Nxe5 11. dxe5 Qxe5 12. Bc3 Qd6 13. Bd3 Bxd3 14. cxd3 Qe7 15. d4 Ne4 16. a3 Rab8 17. Bb4 c5 18. Ba5 b5 19. Be1 Rbc8 20. Qg4 Qf6 21. Rc1 cxd4 22. Bc3 dxc3 23. bxc3 Rxc3 24. Qf4 Qxf4 25. exf4 Rxc1 26. Rxc1 h6 27. Rc7 a5 28. Ra7 Rc8 29. Rb7 Rc1# 0-1